000
00221 a2200097 4500
001
38043
100
_a
Wilkinson R
245
_a
Aircraft structure & system
260
_a
Singapore
_b
Longman
_c
1996
090
_c
24221
_d
24221
942
_a
NUST-CAE
_c
M
_c
15805
999
_c
273116
_d
273116